DOS-UNIX Networking and internetworking
Αποθηκεύτηκε σε:
| Κύριος συγγραφέας: | |
|---|---|
| Άλλοι συγγραφείς: | |
| Μορφή: | Βιβλίο |
| Γλώσσα: | English |
| Δημοσίευση: |
New York, Chichester :
Wiley,
1994
|
| Ετικέτες: |
Προσθήκη ετικέτας
Δεν υπάρχουν, Καταχωρήστε ετικέτα πρώτοι!
|
MARC
| LEADER | 00000nam a2200000 i 4500 | ||
|---|---|---|---|
| 001 | 1/37614 | ||
| 008 | 950922s1994 eng d | ||
| 020 | |a 0471595160 | ||
| 035 | |l 10024708 | ||
| 040 | |a GR-MY-UA |b gre |e aacr | ||
| 041 | 0 | |a eng | |
| 082 | 0 | |a 005 | |
| 100 | 1 | |a Burgard, Mike. | |
| 245 | 1 | 0 | |a DOS-UNIX Networking and internetworking / |c Michael J. Burgard, Kenneth D. Phillips |
| 260 | |a New York, Chichester : |b Wiley, |c 1994 | ||
| 300 | |a 526 p. | ||
| 500 | |a Includes index | ||
| 700 | 1 | |a Phillips, Kenneth D. | |
| 852 | |a INST |b CHIOS |e 19950922 |h 005 BUR |p 005200003702 |q 005200003702 |t BK |y 0 | ||
| 909 | |a Χ |b 037594 | ||